طبقات فقهاء اليمن / (Record no. 43969)
[ view plain ]
| 000 -الفاتح | |
|---|---|
| حقل البيانات ثابتة الطول | 00700nam a2200193Ia 4500 |
| 005 - وقت وتاريخ اخر تعامل مع التسجيلة | |
| رقم الضبط | 20240530104006.0 |
| 008 - عناصر البيانات ثابتة الطول - معلومات عامة | |
| حقل البيانات ثابتة الطول | 140319s1957 le 000 0 ara d |
| 040 ## - مصدر الفهرسة | |
| وكالة الفهرسة الأصلية | GCL / |
| وكالة النسخ | GCL |
| 082 04 - رقم تصنيف ديوى العشرى | |
| رقم التصنيف | 922.58/ |
| رقم المادة | ع ط |
| 100 0# - المدخل الرئيسى - إسم شخصى | |
| الإسم الشخصى | عمر بن على بن سمرة الجعدى |
| 245 10 - بيان العنوان | |
| العنوان | طبقات فقهاء اليمن / |
| بيان المسئوليه,etc | تاليف عمر بن على بن سمرة الجعدى ؛ بتحقيق فؤاد سيد |
| 260 ## - PUBLICATION, DISTRIBUTION, ETC. (IMPRINT) | |
| تاريخ النشر أو التوزيع | 1957. |
| 300 ## - الوصف المادى | |
| التعداد | 326 ص. ؛ |
| المادة المصاحبة | 24 سم. |
| 650 07 - المدخل الاضافى بالموضوع-مصطلح موضوعى | |
| مصدر الرأس أو المصطلح | qrmak |
| مصطلح موضوعي | الرجال |
| التقسيم الفرعي الشكلي | تراجم |
| التقسيم الفرعي الجغرافي | اليمن |
| 650 07 - المدخل الاضافى بالموضوع-مصطلح موضوعى | |
| مصدر الرأس أو المصطلح | qrmak |
| مصطلح موضوعي | الفقهاء |
| التقسيم الفرعي الشكلي | تراجم |
| التقسيم الفرعي الزمني | اليمن |
| 700 0# - المدخل الاضافى - اسم شخصى | |
| الإسم الشخصى | فؤاد سيد |
| الدور | محقق |
| 942 ## - عناصر المدخل الإضافي( كوها) | |
| مصدر التصنيف او مخطط الترفيف | Dewey Decimal Classification |
| Koha [default] item type | كتاب |
| 260 ## - PUBLICATION, DISTRIBUTION, ETC. (IMPRINT) | |
| -- | بيروت : |
| -- | دار القلم، |
| حالة التراجع | حالة الفقد | مصدر التصنيف او خطة الترفيف | حالة تلف | ليس للاعارة | المكان المؤقت | الموقع الحالى | موقع الترفيف | تاريخ الاكتساب | اجمالي اﻻعارات | رقم الطلب | الباركود | تاريخ اخر مشاهدة | تاريخ تفعيل السعر | نوع وعاء كوها |
|---|---|---|---|---|---|---|---|---|---|---|---|---|---|---|
| ddc | مكتبة القاهرة الكبرى | مكتبة القاهرة الكبرى | القاعة الرئيسية | 03/26/2014 | 922.58\ع ط | 106641 | 03/26/2014 | 03/26/2014 | كتاب | |||||
| ddc | مكتبة القاهرة الكبرى | مكتبة القاهرة الكبرى | القاعة الرئيسية | 03/26/2014 | 92.58\ع ط | 106642 | 03/26/2014 | 03/26/2014 | كتاب | |||||
| ddc | مكتبة القاهرة الكبرى | مكتبة القاهرة الكبرى | القاعة الرئيسية | 03/26/2014 | 922.58\ع ط | 106643 | 03/26/2014 | 03/26/2014 | كتاب |

